Cantos populares de mi tierra / (Registro nro. 4087)

Detalles MARC
000 -LEADER
fixed length control field 01268nam a2200265Ia 4500
003 - CONTROL NUMBER IDENTIFIER
control field OSt
005 - DATE AND TIME OF LATEST TRANSACTION
control field 20250924122027.0
008 - FIXED-LENGTH DATA ELEMENTS--GENERAL INFORMATION
fixed length control field 191128s2009 ck er 000 p spa d
020 ## - INTERNATIONAL STANDARD BOOK NUMBER
International Standard Book Number 9789588471112
037 ## - SOURCE OF ACQUISITION
Stock number Donación
040 ## - CATALOGING SOURCE
Original cataloging agency CO-JMCR
Transcribing agency CO-JMCR
Language of cataloging spa
Modifying agency CO-JMCR
Description conventions rda
041 ## - LANGUAGE CODE
Language code of text/sound track or separate title spa
082 04 - DEWEY DECIMAL CLASSIFICATION NUMBER
Classification number J-P
Item number OBEc
Edition number 23
100 1# - MAIN ENTRY--PERSONAL NAME
Personal name Obeso, Candelario,
Dates associated with a name 1849-1884
Relator term autor.
9 (RLIN) 9433
245 10 - TITLE STATEMENT
Title Cantos populares de mi tierra /
Remainder of title Candelario Obeso ; prólogo y edición Javier Ortiz Cassiani
250 ## - EDITION STATEMENT
Edition statement 1° edición
260 ## - PUBLICATION, DISTRIBUTION, ETC.
Place of publication, distribution, etc. Bogotá :
Name of publisher, distributor, etc. Alcaldía Mayor de Bogotá,
Date of publication, distribution, etc. 2009.
300 ## - PHYSICAL DESCRIPTION
Extent 78 páginas ;
Dimensions 17 cm.
490 0# - SERIES STATEMENT
Series statement Libro al viento
505 ## - FORMATTED CONTENTS NOTE
Formatted contents note Lo palomos -- La oberiencia filiá -- Canción der boga ausente -- Cuento a mi ejposa -- Canto de montará -- Er boga chaclatán -- Epropiacion re uno corigos -- Epresión re mi amitá -- Serenata -- Arió -- Lucha i conquijta -- Canción del pajcaró
520 ## - SUMMARY, ETC.
Summary, etc. Constituye una forma de reconocimiento a la actividad intelectual de Candelario Obeso. Un hombre que en su corta vida procuró con esfuerzo y talento edificarse un espacio en el panorama literario nacional.
650 24 - SUBJECT ADDED ENTRY--TOPICAL TERM
Topical term or geographic name entry element Poesía colombiana
9 (RLIN) 9434
Source of heading or term JMCR
700 ## - ADDED ENTRY--PERSONAL NAME
Personal name Ortiz Cassiani, Javier,
Relator term prologuista
9 (RLIN) 9435
942 ## - ADDED ENTRY ELEMENTS (KOHA)
Source of classification or shelving scheme Dewey Decimal Classification
Koha item type Books
Existencias
Withdrawn status Lost status Source of classification or shelving scheme Damaged status Not for loan Collection code Home library Current library Date acquired Source of acquisition Full call number Barcode Date last seen Copy number Koha item type Shelving location Total Checkouts Price effective from
    Dewey Decimal Classification     Fiction Biblioteca Pública José María del Castillo y Rada Biblioteca Pública José María del Castillo y Rada 11/28/2019 Donación J-P OBEc 201808887 11/28/2019 Ej.1 Books      
    Dewey Decimal Classification     Fiction Biblioteca Pública José María del Castillo y Rada Biblioteca Pública José María del Castillo y Rada 12/06/2021 Donación J-P OBEc 201811344 09/23/2025 Ej.2 Books Book Cart   09/23/2025